000 00535nam a22001577a 4500
003 LC
005 20151203102446.0
008 151203b xxu||||| |||| 00| 0 eng d
020 _a9781904534617
050 _aQC 21.3 .D911 2008
100 _aDuncan, Hugh
245 _aIB physics :
_bstudent guide for internal assessment HL/SL : for students studying for the 2009 examination
_cHugh Duncan
260 _aUnited Kingdom
_bOxford Study Courses Limited
_c2008
300 _a53 pages.,
_bill..(some col).;
_c27 cm.
942 _2lcc
_cBK
999 _c289002
_d289002